Marketing intelligence system
Definícia marketingovej inteligencie. Postupy k zavedeniu a kľúčové zložky marketingovej inteligencie v podniku.
Gespeichert in:
| 1. Verfasser: | |
|---|---|
| Weitere Verfasser: | |
| Format: | Buchkapitel |
| Sprache: | Englisch |
| Schlagworte: | |
| Tags: |
Keine Tags, Fügen Sie das erste Tag hinzu!
|
MARC
| LEADER | 00000nla a2200000 4500 | ||
|---|---|---|---|
| 001 | 0220627 | ||
| 005 | 20240502073626.2 | ||
| 041 | 0 | |a eng | |
| 044 | |a SK | ||
| 245 | 1 | 0 | |a Marketing intelligence system |c Naqibullah Daneshjo, Abdo Al-Rabee Samer |
| 520 | |a Definícia marketingovej inteligencie. Postupy k zavedeniu a kľúčové zložky marketingovej inteligencie v podniku. | ||
| 610 | 2 | 0 | |a systémy informačné |
| 610 | 2 | 0 | |a výstavba systémov informačných |
| 610 | 2 | 0 | |a manažment informačný |
| 610 | 2 | 0 | |a marketing manažment |
| 100 | 1 | |a Daneshjo, Naqibullah, 1964- | |
| 700 | 1 | |a Samer, Abdo Al-Rabee | |